000 00287nam a2200121Ia 4500
008 190216s9999||||xx |||||||||||||| ||und||
100 _aVasu S P & Das M
245 0 _aPractice In Accountancy
260 _bVikas Publishing House
300 _a719p
650 _aCommerce
942 _cBK
999 _c4300
_d4300